banner koha

Estudos basicos para formulacao de uma politica de desenvolvimento industrial na Amazonia [Brasil] (Registro n. 28781)

MARC details
000 -LÍDER
campo de controle de tamanho fixo 01113nam a22003617a 4500
001 - NÚMERO DE CONTROLE
campo de controle BR7909003
003 - IDENTIFICADOR DO NÚMERO DE CONTROLE
campo de controle BR-BrBNA
005 - DATA E HORÁRIO DA ÚLTIMA TRANSAÇÃO
campo de controle 20230928090424.0
007 - CAMPO FIXO DE DESCRIÇÃO FÍSICA--INFORMAÇÃO GERAL
campo de controle de tamanho fixo ta
008 - CAMPO DE DADOS FIXOS--INFORMAÇÃO GERAL
campo de controle de tamanho fixo 230509b bl.||||| |||| 00| 0 por d
040 ## - FONTE DA CATALOGAÇÃO
Instituição da catalogação original BR-BrBNA
Idioma da catalogação por
Instituição que transcreveu o registro Biblioteca Nacional de Agricultura
041 ## - CÓDIGO DE IDIOMA
Código do idioma do texto/trilha sonora ou título diferente (Por)
072 ## - CÓDIGO DE CATEGORIA DE ASSUNTO
Código de Categoria de Assunto E30
Código do objeto /G514
090 ## - NÚMERO DE CHAMADA LOCAL
-- E30 BR7909003
100 1# - ENTRADA PRINCIPAL--NOME PESSOAL
Nome pessoal Dias, S. da F.
100 1# - ENTRADA PRINCIPAL--NOME PESSOAL
Nome pessoal Costa, M.F. da
100 1# - ENTRADA PRINCIPAL--NOME PESSOAL
Nome pessoal Penalber, A.M.C.
100 1# - ENTRADA PRINCIPAL--NOME PESSOAL
Nome pessoal Loureiro, M.R.C.
100 1# - ENTRADA PRINCIPAL--NOME PESSOAL
Nome pessoal Albuquerque, C.R.A. de
100 1# - ENTRADA PRINCIPAL--NOME PESSOAL
Nome pessoal Araujo, R.M. de
100 1# - ENTRADA PRINCIPAL--NOME PESSOAL
Nome pessoal Oliveira, N.V. de C.
100 1# - ENTRADA PRINCIPAL--NOME PESSOAL
Nome pessoal Barros, F. dos S.
110 1# - ENTRADA PRINCIPAL--NOME CORPORATIVO
Nome corporativo ou nome da jurisdição Instituto do Desenvolvimento Economico-Social do Para, Belem (Brasil)
245 1# - TÍTULO
Título Estudos basicos para formulacao de uma politica de desenvolvimento industrial na Amazonia [Brasil]
260 3# - PUBLICAÇÃO, DISTRIBUIÇÃO, ETC.
Local de publicação, distribuição, etc. Belem, PA (Brasil):
Data da publicação, distribuição, etc. 1979.
300 ## - DESCRIÇÃO FÍSICA
Extensão 578 p.
500 ## - NOTA GERAL
Nota geral Numerical data; Bibliography p. 524-528; Summary (Por)
650 ## - ASSUNTO--TERMO TÓPICO
Cabeçalho tópico ou nome geográfico INDUSTRIA AGRICOLA
650 ## - ASSUNTO--TERMO TÓPICO
Cabeçalho tópico ou nome geográfico DESENVOLVIMENTO INDUSTRIAL
650 ## - ASSUNTO--TERMO TÓPICO
Cabeçalho tópico ou nome geográfico AMAZONIA
909 ## -
-- 202309
-- Lucia
-- 55
-- Lucia Elande
942 ## - ELEMENTOS DE ENTRADA ADICIONADOS (KOHA)
Tipo de material Koha Livros
Exemplares
Situação do descarte Fonte da classificação ou esquema de arquivamento na estante Situação física Não pode ser emprestado Coleção Biblioteca de origem Biblioteca atual Total de empréstimos Número de telefone completo Código de barras Data de último acesso Número do exemplar Tipo de material Koha Situação das perdas Data de aquisição Fonte de aquisição
  Classificação AGRIS       Biblioteca Nacional de Agricultura - Binagri Biblioteca Nacional de Agricultura - Binagri   E30 BR7909003 E30 BR7909003 25/09/2023 01 Livros   2023-09-25 Portaria Interministerial nº 164/94

BINAGRI

Telefone: (61)3218-2567/2388/3357/2097 - binagri@agro.gov.br

Ministério da Agricultura e Pecuária , Esplanada dos Ministérios, Bloco D, Anexo B, Brasília/DF, CEP: 70.043-900